000 00424nam a22001457a 4500
999 _c8585
_d8585
008 200319b ||||| |||| 00| 0 eng d
020 _a9788123904078
082 _a615.1 PAH
100 _aParmar, N. S.
245 _aHealth Education & Community Pharmacy
250 _a1st/e, Reprint 2019
260 _aNew Delhi
_bCBS Publishers & Distributors
650 _aCommunity Pharmacy and Health Education
942 _2ddc
_cBK
_01